Sports US - Nommez les franchises des 4 sports principaux - Statistiques

Statistiques générales
  • Ce quiz a été pris 84 fois
  • Le résultat moyen est 42 sur 124
Statistiques - réponses
NBA % Correct
Los Angeles Lakers
75%
Boston Celtics
71%
Los Angeles Clippers
66%
Chicago Bulls
65%
New York Knicks
65%
Golden State Warriors
62%
Miami Heat
62%
Atlanta Hawks
59%
Brooklyn Nets
59%
Denver Nuggets
59%
Toronto Raptors
59%
Indiana Pacers
57%
San Antonio Spurs
57%
Cleveland Cavaliers
56%
Utah Jazz
56%
Detroit Pistons
54%
Houston Rockets
53%
Kansas City Chiefs
51%
Milwaukee Bucks
51%
Minnesota Timberwolves
51%
New England Patriots
51%
Washington Wizards
51%
Charlotte Hornets
50%
Dallas Mavericks
50%
Orlando Magic
50%
Boston Red Sox
47%
New York Yankees
47%
Phoenix Suns
47%
Portland TrailBlazers
47%
Memphis Grizzlies
46%
Miami Dolphins
46%
New York Jets
46%
Philadelphia 76ers
46%
Los Angeles Rams
44%
New Orleans Pelicans
44%
New York Giants
44%
Oklahoma City Thunder
44%
San Francisco 49ers
43%
Sacramento Kings
41%
Boston Bruins
40%
Montreal Canadiens
40%
Chicago Bears
38%
Las Vegas Raiders
38%
Baltimore Ravens
37%
Philadelphia Eagles
37%
Seattle Seahawks
37%
Tampa Bay Buccaneers
37%
Minnesota Vikings
35%
Toronto Maple Leafs
35%
Buffalo Bills
34%
Dallas Cowboys
34%
Green Bay Packers
34%
Los Angeles Dodgers
34%
Los Angeles Kings
34%
New York Islanders
34%
New York Rangers
34%
San José Sharks
34%
Denver Broncos
32%
Washington Commanders
32%
Anaheim Ducks
31%
Atlanta Falcons
31%
Dallas Stars
31%
Washington Capitals
31%
Cincinnati Bengals
29%
Cleveland Browns
29%
Houston Texans
29%
Los Angeles Chargers
29%
New Orleans Saints
29%
Colorado Avalanche
28%
Edmonton Oilers
28%
Toronto Blue Jays
28%
Vancouver Canucks
28%
Chicago Blackhawks
26%
Chicago Cubs
26%
Chicago White Sox
26%
Detroit Lions
26%
Florida Panthers
26%
Minnesota Wild
26%
Nashville Predators
26%
New York Mets
26%
Ottawa Senators
26%
Pittsburgh Steelers
26%
Seattle Kraken
26%
Winnipeg Jets
26%
Arizona Cardinals
25%
Buffalo Sabres
25%
Calgary Flames
25%
Philadelphia Flyers
25%
Tennessee Titans
25%
Carolina Hurricanes
24%
Carolina Panthers
24%
Houston Astros
24%
Jacksonville Jaguars
24%
Pittsburgh Penguins
24%
St Louis Blues
24%
Baltimore Orioles
22%
Atlanta Braves
21%
Oakland Athletics
21%
San Diego Padres
21%
Indianapolis Colts
19%
Miami Marlins
19%
New Jersey Devils
19%
Vegas Golden Knights
19%
Arizona Diamondbacks
18%
Philadelphia Phillies
18%
San Francisco Giants
18%
Colombus Blue Jackets
16%
Cincinnati Reds
15%
Pittsburgh Pirates
15%
Seattle Mariners
15%
Detroit Tigers
13%
Minnesota Twins
13%
Kansas City Royals
12%
Milwaukee Brewers
12%
Tampa Bay Rays
12%
Utah Hockey Club
12%
Texas Rangers
10%
Washington Nationals
10%
Cleveland Guardians
9%
Colorado Rockies
9%
Tampa Bay Lighting
9%
St Louis Cardinals
6%
Los Angeles Angeles
4%
Detroit Wings
1%
Aucun quiz correspondant
Distribution des résultats
% des personnes avec chaque résultat
Percentile par nombre de réponses
Votre historique - résultats
Vous n’avez pas pris ce quiz